Vullar kināre : (Record no. 331171)

000 -LEADER
fixed length control field 02085cam a2200421 a 4500
001 - CONTROL NUMBER
control field 16962326
003 - CONTROL NUMBER IDENTIFIER
control field NUST
005 - DATE AND TIME OF LATEST TRANSACTION
control field 20170920162547.0
008 - FIXED-LENGTH DATA ELEMENTS--GENERAL INFORMATION
fixed length control field 110915m20119999ii 000 0aurd
010 ## - LIBRARY OF CONGRESS CONTROL NUMBER
LC control number 2011353196
020 ## - INTERNATIONAL STANDARD BOOK NUMBER
International Standard Book Number 9788192371429 (v. 2)
020 ## - INTERNATIONAL STANDARD BOOK NUMBER
International Standard Book Number 9788192371474 (v. 3)
025 ## - OVERSEAS ACQUISITION NUMBER
Overseas acquisition number I-U-2011-353196; 21-90
037 ## - SOURCE OF ACQUISITION
Source of stock number/acquisition Library of Congress -- New Delhi Overseas Office
040 ## - CATALOGING SOURCE
Original cataloging agency DLC
Transcribing agency DLC
Modifying agency DLC
042 ## - AUTHENTICATION CODE
Authentication code lcode
-- pcc
043 ## - GEOGRAPHIC AREA CODE
Geographic area code a-ii---
050 00 - LIBRARY OF CONGRESS CALL NUMBER
Classification number DS485.K27
Item number G553 2011
066 ## - CHARACTER SETS PRESENT
Alternate G0 or G1 character set (3
-- (4
082 ## - DEWEY DECIMAL CLASSIFICATION NUMBER
Classification number 922
Author Mark GIL
100 1# - MAIN ENTRY--PERSONAL NAME
Linkage 880-01
Personal name Gīlānī, Sayyid ʻAlī,
Dates associated with a name 1929-
9 (RLIN) 4708
245 10 - TITLE STATEMENT
Linkage 880-02
Title Vullar kināre :
Remainder of title āp bītī /
Statement of responsibility, etc. Sayyid ʻAlī Gilānī.
260 ## - PUBLICATION, DISTRIBUTION, ETC.
Linkage 880-03
Place of publication, distribution, etc. Srīnagar :
Name of publisher, distributor, etc. Markazī Maktabah, Taḥrīk-i Ḥurriyat :
-- Millat Pablīkeshanz,
Date of publication, distribution, etc. 2015
300 ## - PHYSICAL DESCRIPTION
Extent v. <1-3> ;
Dimensions 22-25 cm.
520 ## - SUMMARY, ETC.
Summary, etc. Autobiography of Sayyid ʻAlī Gīlānī, b. 1929, politician from Kashmir with special reverences to his political activities.
546 ## - LANGUAGE NOTE
Language note In Urdu.
600 10 - SUBJECT ADDED ENTRY--PERSONAL NAME
Linkage 880-04
Personal name Gīlānī, Sayyid ʻAlī,
Dates associated with a name 1929-
9 (RLIN) 4708
650 #0 - SUBJECT ADDED ENTRY--TOPICAL TERM
Topical term or geographic name entry element Politicians
Geographic subdivision India
-- Jammu and Kashmir
Form subdivision Biography.
9 (RLIN) 4709
651 #0 - SUBJECT ADDED ENTRY--GEOGRAPHIC NAME
Geographic name Jammu and Kashmir (India)
General subdivision Politics and government.
9 (RLIN) 1759
651 #0 - SUBJECT ADDED ENTRY--GEOGRAPHIC NAME
Geographic name Jammu and Kashmir (India)
Form subdivision Biography.
9 (RLIN) 4710
880 1# - ALTERNATE GRAPHIC REPRESENTATION
Linkage 100-01/(4/r‏
Title ‏گيلانى، سيّد على،‏
d ‏1929-
880 10 - ALTERNATE GRAPHIC REPRESENTATION
Linkage 245-02/(3/r‏
Title ‏ولّر کنارے :‏
b ‏آپ بيتى /‏
c ‏سيّد على گلانى.
880 ## - ALTERNATE GRAPHIC REPRESENTATION
Linkage 260-03/(3/r‏
Title ‏سرينگر :‏
b ‏مرکزى مکتبه، تحريک حرّيت :‏
-- ‏ملّت پبليکيشنز،‏
c 2015
880 14 - ALTERNATE GRAPHIC REPRESENTATION
Linkage 600-04/(4/r‏
Title ‏گيلانى، سيّد على،‏
d ‏1929-
906 ## - LOCAL DATA ELEMENT F, LDF (RLIN)
a 7
b cbc
c origode
d 2
e ncip
f 20
g y-nonroman
942 ## - ADDED ENTRY ELEMENTS (KOHA)
Source of classification or shelving scheme
Koha item type Book
Holdings
Withdrawn status Lost status Source of classification or shelving scheme Damaged status Not for loan Collection code Permanent Location Current Location Shelving location Date acquired Serial Enumeration / chronology Total Checkouts Full call number Barcode Date last seen Date last checked out Copy number Price effective from Koha item type
            Central Library (CL) Central Library (CL) Book Cart 09/20/2017 Vol. 1 & Vol. 2 1 922 GIL CL2685 08/04/2023 06/01/2023 2 09/20/2017 Book
            Central Library (CL) Central Library (CL) Book Cart 09/20/2017 Vol. 1 & Vol. 2 2 922 GIL CL2686 02/22/2024 08/02/2023 2 09/20/2017 Book
© 2023 Central Library, National University of Sciences and Technology. All Rights Reserved.